| 000 | 00477nam a2200145Ia 4500 | ||
|---|---|---|---|
| 008 | 150220s9999 xx 000 0 und d | ||
| 020 | _a071729272X | ||
| 050 |
_aQP 321 _b.W177 1998 |
||
| 100 | _aWalker, Richard. | ||
| 245 |
_aMuscles : _bhow we move and exercise / _cRichard Walker. |
||
| 260 |
_aConnecticut : _bGrolier Educational, _c1998 |
||
| 300 |
_a54 pages : _bColored, Illustration ; _c30 cm. |
||
| 440 | _aUnder the Microscope. | ||
| 504 | _aIncludes glossary and Index. | ||
| 999 |
_c283071 _d283071 |
||